| 000 | 00777nam a22002057a 4500 | ||
|---|---|---|---|
| 999 |
_c177099 _d177099 |
||
| 005 | 20210215110915.0 | ||
| 010 | _aENG-129019 | ||
| 020 |
_c1350.00 _a9788194201731 |
||
| 035 | _aEN-112551 | ||
| 037 | _bDBAD/PUB | ||
| 082 | _a363.73 | ||
| 245 |
_aAdvances In Environmental Pollution Management: vol 1 Waste Water Impacts and Treatment Technologies/ _cEdited By Vinod Kumar, Nitin Kamboj and Temin Payum _b |
||
| 260 |
_bAgro Environ Media _c2020 _aUttarakhand |
||
| 270 |
_a86, Gurubaksh Vihar (East), Kankhal _bHaridwar _e249408 _magroenvironnmedia.aesa@gmail.com |
||
| 300 |
_axii+229p. _b24cm(pbk) _cIncluding Index. |
||
| 700 | _aVinod Kumar (Ed.) | ||
| 700 | _aKamboj, Nitin(Ed.) | ||
| 700 | _aPayum,Temin (Ed.) | ||
| 942 |
_2ddc _cEN _h363.73 _mADV |
||